| 000 | 00467nam a22001577a 4500 | ||
|---|---|---|---|
| 003 | SGT | ||
| 020 | _a978125902997 | ||
| 082 | _a515.83LIP | ||
| 100 | _aLIPSCHUTZ, SEYMOUR | ||
| 245 | _aDATA STRUCTURES | ||
| 260 |
_aNEW DELHI _bMC GRAW HILL EDUCATION INDIA PRIVATE LIMITED _c2015 |
||
| 300 | _aV.P. | ||
| 650 | _aARITHMETIC | ||
| 653 | _aINTRODUCTION AND OVERVIEW, PRELIMINARIES, STRING PROCESSING, ARRAYS RECORDS AND POINTERS LINKED, TREES | ||
| 942 |
_2ddc _cFPS _02 |
||
| 999 |
_c9326 _d9326 |
||